[Event "GER-chT North U16"]
[Site "Greifswald"]
[Date "2013.09.12"]
[Round "1.4"]
[White "Klodt, Nicolas"]
[Black "Zur Nieden, Philipp"]
[Result "1-0"]
[WhiteElo "1590"]
[BlackElo "1278"]
[PlyCount "73"]
[EventDate "2013.09.12"]
[EventType "team-swiss"]
[EventRounds "7"]
[EventCountry "GER"]
[SourceTitle "EXT 2014"]
[Source "ChessBase"]
[SourceDate "2013.11.20"]
[SourceVersion "1"]
[SourceVersionDate "2013.11.20"]
[SourceQuality "1"]
[WhiteTeam "Treptow"]
[BlackTeam "Halle"]
[WhiteTeamCountry "GER"]
[BlackTeamCountry "GER"]

1. e4 e5 2. Nf3 Nc6 3. Bc4 Bc5 4. c3 d6 5. d4 exd4 6. cxd4 Bb6 7. h3 Nge7 8. Bg5 0-0 9. Nc3 Bd7 10. 0-0 Kh8 11. Re1 f6 12. Bf4 Ng6 13. Bg3 a6 14. a3 Rc8 15. Nd5 Ba7 16. Rc1 Qe8 17. b4 Nce7 18. Nc3 b5 19. Bb3 Nc6 20. Qd2 Qd8 21. Rc2 f5 22. e5 dxe5 23. dxe5 f4 24. Bh2 Qe7 25. e6 Be8 26. Nd5 Qd6 27. Qd1 Rd8 28. Rd2 Rf5 29. Qc2 Nd4 30. Nxd4 Rxd5 31. Bxd5 Qxd5 32. Nf3 Qa8 33. Qxc7 Rxd2 34. Nxd2 Nh4 35. Nf3 Nxf3+ 36. gxf3 Bb8 37. Qc8 1-0

[Event "GER-chT North U16"]
[Site "Berlin"]
[Date "2012.09.06"]
[Round "2.4"]
[White "Fischer, Maxi"]
[Black "Klodt, Nicolas"]
[Result "1/2-1/2"]
[WhiteElo "1477"]
[BlackElo "1620"]
[PlyCount "128"]
[EventDate "2012.09.06"]
[EventType "team-swiss"]
[EventRounds "7"]
[EventCountry "GER"]
[SourceTitle "EXT 2015"]
[Source "ChessBase"]
[SourceDate "2014.11.20"]
[SourceVersion "1"]
[SourceVersionDate "2014.11.20"]
[SourceQuality "1"]
[WhiteTeam "Berlin Empor"]
[BlackTeam "Treptow"]
[WhiteTeamCountry "GER"]
[BlackTeamCountry "GER"]

1. e4 e5 2. Nf3 Nc6 3. Bc4 Bc5 4. c3 Nf6 5. d3 d6 6. h3 h6 7. Be3 Bb6 8. Nbd2 Be6 9. Bb3 d5 10. 0-0 0-0 11. Re1 Qd6 12. Bxb6 axb6 13. Bc2 dxe4 14. Nxe4 Nxe4 15. Rxe4 Bf5 16. Re3 Rfe8 17. Qe2 Re7 18. a3 f6 19. Nh4 Be6 20. Rg3 g5 21. Qh5 Rg7 22. Qxh6 Bd7 23. d4 Ne7 24. Ng6 Nxg6 25. Bxg6 Be8 26. Bc2 exd4 27. cxd4 Qxd4 28. Bb3+ Bf7 29. Bxf7+ Kxf7 30. Re1 Rgg8 31. Rge3 Qd6 32. Qh7+ Rg7 33. Qf5 Ra5 34. Qe4 Re5 35. Qc4+ Kf8 36. Rxe5 fxe5 37. Qe4 Re7 38. Qf5+ Ke8 39. Qxg5 Qd4 40. b4 Qc3 41. Rd1 Qb3 42. Rd2 Qf7 43. g3 e4 44. h4 e3 45. fxe3 Rd7 46. Qe5+ Kd8 47. Rf2 Qg8 48. h5 Re7 49. Qf4 Ke8 50. g4 Qh8 51. h6 Rh7 52. g5 Qg8 53. Rg2 Qg6 54. e4 b5 55. Qf5 Qb6+ 56. Kh1 Rf7 57. h7 Rxf5 58. exf5 Qd4 59. g6 Qh4+ 60. Rh2 Qe1+ 61. Kg2 Qe2+ 62. Kg3 Qe3+ 63. Kg4 Qg1+ 64. Kh3 Qe3+ 1/2-1/2

[Event "Berlin-ch 2011 U14 Vorrunde 1"]
[Site "Berlin"]
[Date "2010.10.02"]
[Round "6.4"]
[White "Zesewitz, Maik"]
[Black "Klodt, Nicolas"]
[Result "1-0"]
[WhiteElo "1071"]
[BlackElo "1259"]
[PlyCount "107"]
[EventDate "2010.09.18"]
[EventType "swiss"]
[EventRounds "7"]
[EventCountry "GER"]
[SourceTitle "EXT 2022"]
[Source "ChessBase"]
[SourceDate "2021.10.06"]
[SourceVersion "1"]
[SourceVersionDate "2021.10.06"]
[SourceQuality "1"]

1. d4 d5 2. c4 c6 3. Nc3 Nf6 4. e3 Bf5 5. Qb3 Qc7 6. Nf3 Nbd7 7. cxd5 cxd5 8. Nxd5 Nxd5 9. Qxd5 e6 10. Qb3 a5 11. Bb5 Bb4+ 12. Bd2 Bc2 13. Bxd7+ Kxd7 14. Ne5+ Ke8 15. Qc4 Bxd2+ 16. Kxd2 Qxc4 17. Nxc4 Bg6 18. Nd6+ Ke7 19. Nc4 Rhc8 20. Rhc1 Rc6 21. Ne5 Rxc1 22. Rxc1 Kd6 23. Nxg6 hxg6 24. Rc5 f6 25. a4 b6 26. Rb5 Kc6 27. Kd3 Rh8 28. h3 Rh4 29. b4 axb4 30. Rxb4 Rh5 31. e4 Rg5 32. g4 Ra5 33. f4 f5 34. e5 fxg4 35. hxg4 Kd5 36. Rb5+ Rxb5 37. axb5 g5 38. f5 exf5 39. gxf5 g4 40. e6 Kd6 41. Ke3 g6 42. fxg6 Kxe6 43. d5+ Kxd5 44. g7 Kc5 45. g8Q Kxb5 46. Qxg4 Kc5 47. Qd4+ Kc6 48. Qc4+ Kd6 49. Qb5 Kc7 50. Kd4 Kb7 51. Kd5 Kc7 52. Qc6+ Kd8 53. Kd6 b5 54. Qd7# 1-0